تحميل...

Leadership enhancing the lessons of experience /

التفاصيل البيبلوغرافية
المؤلف الرئيسي: Hughes, Richard L
مؤلفون آخرون: Ginnett,Robert C., Curphy,Gordon J.
التنسيق: Printed Book
منشور في: New Delhi : Tata Mc Graw Hill , 2008.
الطبعة:6th ed.;
الموضوعات:
LEADER 00562cam a2200181ua 4500
020 |a 9780070080713 
082 1 4 |a 658.409  |b HUG-L 
100 1 |a Hughes, Richard L . 
245 1 0 |a Leadership enhancing the lessons of experience /  
250 |a 6th ed.; 
260 |a New Delhi :   |b Tata Mc Graw Hill ,   |c 2008. 
300 |a 591p. ;  
650 0 |a Leadership 
700 1 |a Ginnett,Robert C. 
700 1 |a Curphy,Gordon J. 
942 |c BK 
999 |c 41012  |d 41012 
952 |0 0  |1 0  |4 0  |6 658_409000000000000_HUGL  |7 0  |9 52661  |a KU  |b KU  |d 2015-07-05  |l 0  |o 658.409 HUG-L  |p MB04457  |r 2015-07-05  |y BK